مكتبة جامعة عجلون الوطنية

فهرس بحث المكتبة

Normal view MARC view
  • البطاينة، اسامه محمد واخرون، م. مشارك مالك احمد الرشدان، م.مشارك عبيد عبد الكريم السبايلة، م.مشارك عبد المجيد محمد الخطاطبة

Entry Personal Name

Number of records used in: 1

001 - CONTROL NUMBER

  • control field: 60582

003 - CONTROL NUMBER IDENTIFIER

  • control field: JO-AjAnu

005 - DATE AND TIME OF LATEST TRANSACTION

  • control field: 20230606083913.0

008 - FIXED-LENGTH DATA ELEMENTS

  • fixed length control field: 230606|| aca||aabn | a|a d

040 ## - CATALOGING SOURCE

  • Original cataloging agency: JO-AjAnu
  • Transcribing agency: JO-AjAnu

100 ## - HEADING--PERSONAL NAME

  • Personal name: البطاينة، اسامه محمد واخرون، م. مشارك مالك احمد الرشدان، م.مشارك عبيد عبد الكريم السبايلة، م.مشارك عبد المجيد محمد الخطاطبة

670 ## - SOURCE DATA FOUND

  • Source citation: Work cat.: (JO-AjAnu)30895: البطاينة، اسامه محمد واخرون، م. مشارك مالك احمد الرشدان، م.مشارك عبيد عبد الكريم السبايلة، م.مشارك عبد المجيد محمد الخطاطبة , author, صعوبات التعلم: النظرية والممارسة